Paradojas de la paz / (Record no. 67936)

MARC details
000 -LEADER
campo de control de longitud fija 00424nam a2200157 i 4500
001 - NÚMERO DE CONTROL
campo de control 67936
003 - IDENTIFICADOR DE NÚMERO DE CONTROL
campo de control ES-MaACL
005 - FECHA Y HORA DE LA ÚLTIMA TRANSACCIÓN
campo de control 20230906170156.0
007 - CAMPO FIJO DE DESCRIPCIÓN FÍSICA--INFORMACIÓN GENERAL
campo de control de longitud fija t|
008 - DATOS DE LONGITUD FIJA--INFORMACIÓN GENERAL
campo de control de longitud fija 040216s1973 sp ||||1| spa d
100 1# - ENTRADA PRINCIPAL--NOMBRE DE PERSONA
Nombre de persona Gallois, Pierre M.
9 (RLIN) 53644
245 10 - MENCIÓN DEL TÍTULO
Título Paradojas de la paz /
Mención de responsabilidad, etc. Pierre M. Gallois.
260 ## - PUBLICACIÓN, DISTRIBUCIÓN, ETC.
Lugar de publicación, distribución, etc. [Madrid :
Nombre del editor, distribuidor, etc. Editora Nacional,
Fecha de publicación, distribución, etc. 1973]
300 ## - DESCRIPCIÓN FÍSICA
Extensión 312 p. ;
Dimensiones 21 cm.
852 ## - LOCALIZACIÓN
Ubicación ES-MaACL
Número de control de estantería C-52079
Sublocalización o colección R.85238
Holdings
Estatus retirado Estado de pérdida Estado de daño No para préstamo Biblioteca de origen Biblioteca actual Ubicación en estantería Fecha de adquisición Fuente de adquisición Total de préstamos Signatura topográfica completa Código de barras Visto por última vez Precio de reemplazo Tipo de ítem Koha
        Biblioteca del Ateneo de Madrid Biblioteca del Ateneo de Madrid Depósito 2 17/01/2008     C-52079 1071127 23/02/2023 23/02/2023 Libro impreso